000 00404nam a2200157Ia 4500
008 210719s2006 xx 000 0 und d
041 _aeng
082 _a491.46 KARY
100 _aKARNATAKA SARKAR
245 _aYeya, konkni shikunya.
260 _aManglur
_bKarnataka Konkani Sahitya Akademy.
_c2006
300 _a68
_bPB
365 _b15
_cRs
650 _aKonkani Language
906 _aKonkani Text
999 _c214082
_d214082